<?xml version="1.0" encoding="UTF-8"?>
<collection xmlns="http://www.loc.gov/MARC21/slim">
 <record>
  <leader>03357cam a2200277 7i4500</leader>
  <controlfield tag="001">0000057678</controlfield>
  <controlfield tag="005">20230727090000.0</controlfield>
  <controlfield tag="007">  Dissertations</controlfield>
  <controlfield tag="008">210414              eng</controlfield>
  <datafield tag="040" ind1=" " ind2=" ">
   <subfield code="a">TSAM Library</subfield>
  </datafield>
  <datafield tag="090" ind1="0" ind2="0">
   <subfield code="a">TJ145 </subfield>
   <subfield code="b">LOO 2019</subfield>
  </datafield>
  <datafield tag="100" ind1="1" ind2="1">
   <subfield code="a">Loo, Shwu Ying </subfield>
   <subfield code="e">author </subfield>
  </datafield>
  <datafield tag="245" ind1="1" ind2="0">
   <subfield code="a">Removal of Nutrients, Organic Matter and Total Suspended Solids From River Water by Adsorption on Chicken Eggshell  </subfield>
   <subfield code="c">Loo Shwu Ying.</subfield>
  </datafield>
  <datafield tag="264" ind1=" " ind2="1">
   <subfield code="a">Nilai: </subfield>
   <subfield code="b">INTI International University, </subfield>
   <subfield code="c">January 2019.</subfield>
  </datafield>
  <datafield tag="300" ind1=" " ind2=" ">
   <subfield code="a">xii, 82  pages: </subfield>
   <subfield code="b">illustrations, colors; </subfield>
   <subfield code="c">30 cm.</subfield>
  </datafield>
  <datafield tag="336" ind1=" " ind2=" ">
   <subfield code="a">text</subfield>
   <subfield code="2">rdacontent</subfield>
  </datafield>
  <datafield tag="337" ind1=" " ind2=" ">
   <subfield code="a">unmediated</subfield>
   <subfield code="2">rdamedia</subfield>
  </datafield>
  <datafield tag="338" ind1=" " ind2=" ">
   <subfield code="a">volume</subfield>
   <subfield code="2">rdacarrier</subfield>
  </datafield>
  <datafield tag="500" ind1="0" ind2="0">
   <subfield code="a">BCEGI 57</subfield>
  </datafield>
  <datafield tag="500" ind1="0" ind2="0">
   <subfield code="a">B.Eng (Hons) in Civil Engineering January 2019</subfield>
  </datafield>
  <datafield tag="501" ind1="0" ind2="0">
   <subfield code="a">FEQS-Civil January 2019</subfield>
  </datafield>
  <datafield tag="501" ind1="0" ind2="0">
   <subfield code="a">Due to the industrial scale chicken eggshell (CE) production, increasingconsumption of CE globally and the improper handling of its waste, the eggshell wastewhich gives rise to the problems associated with human health and environmental matterhas becomes a concern nowadays. As their availability, the interests of convertingeggshell waste to low-cost and green adsorbent had been growing for treating thecontaminated water sources. The present study investigated the adsorption performanceof CE with different pre-treatment approaches by means of calculation of removalpercentage and adsorption capacity of total nitrogen (TN), total phosphorus (TP),biological oxygen demand (BOD), chemical oxygen demand (COD) and total suspendedsolids (TSS) from river water. The quality of water sample before and after treatmentprocess are classified based on the Interim National Water Quality Standard for Malaysia(INWQS) and Chemical water quality classification for nutrients developed by WorkingGroup of the Federal States on Water Issues. Adsorption kinetics models and adsorptionisotherms are exploited to test the experimental data. The result revealed that both UTCEand VTCE experiment showed a decrement in pollutants concentration level. Owing tothe presence of acetic acid offers development of larger pore opening on the surface ofeggshell, VTCE presented better percentage pollutants removal and adsorption capacitycompared to the UTCE. For UTCE experiment, TP, TN and TSS has 35.63%, 44.69%and 69.74% of removal percentage. As for VTCE experiment, the percentage of TN andTSS eliminated was 47.21% and 91.67% respectively. 28.57% and 17.5% of BOD andCOD also eliminated by VTCE. The kinetic adsorption follows the pseudo second ordermodel for both UTCE and VTCE adsorbent which the highest regression coefficient is0.9033 and 0.9898 respectively. The adsorption isotherm for both UTCE and VTCE ismore satisfactorily fitted with Freundlich model respectively with maximum correlationcoefficients of 0.9939 and 0.996 respectively. The study demonstrated the efficacy of CEand proved that it as VTCE as viable cost effective adsorbent than UTCE for river waterdecontamination.</subfield>
  </datafield>
  <datafield tag="502" ind1="0" ind2="0">
   <subfield code="a">Being a project report submitted to INTI International University as a requirements for Bachelor Of Engineering (Hons) in Civil Engineering January 2019 under the managment and supervision of Faculty of Engineering &amp; Quantity Surveying, INTI International University</subfield>
  </datafield>
  <datafield tag="650" ind1="0" ind2="0">
   <subfield code="a">Dissertations, academic -- </subfield>
   <subfield code="x">Engineering </subfield>
  </datafield>
  <datafield tag="650" ind1="0" ind2="0">
   <subfield code="a">Civil Engineering </subfield>
  </datafield>
  <datafield tag="650" ind1="0" ind2="0">
   <subfield code="a">BCEGI </subfield>
  </datafield>
 </record>
</collection>
